000 00633nam a2200241Ia 4500
003 OSt
005 20220926022950.0
006 a|||||r|||| 00| 0
007 ta
008 220923b |||||||| |||| 00| 0 eng d
020 _a0471034436
037 _cGeneral Book
040 _aRTL
_cRTL
_beng
041 _2eng
_aeng
082 _aX:517-75, L0
100 _aAsch Peter
_9318633
245 0 _aEconomic theory and the antitrust dilemma
260 _aNew York
_bWiley
_c1970
300 _ax,414p
_ccm.
650 _aMonopoly
942 _hX:517-75, L0
_cGB
_2CC
999 _c640692
_d640692